| 000 | 00664nam a22001817a 4500 | ||
|---|---|---|---|
| 008 | 131211s2007 le ||||gr|||| 000 f ara d | ||
| 082 | 0 | 4 |
_222 _a813.03 _bم س ت |
| 100 | 1 |
_934591 _a،مستغانمي، أحلام _d1953- |
|
| 245 | 1 | 0 |
_aعابر سرير : _bرواية / _cأحلام مستغانمي. |
| 250 | _aط. 6. | ||
| 260 |
_aبيروت : _bدار الآداب للنشر والتوزيع، _c2007. |
||
| 300 |
_a319 ص. ؛ _c24 سم. |
||
| 590 | _aBook for the road program. | ||
| 650 | 0 |
_934607 _aالقصص العربية _yقرن 21 _zالجزائر |
|
| 653 |
_bAra _cDecember2013 |
||
| 655 |
_vreading book _934232 |
||
| 942 |
_2ddc _cBB _k813.03 م س ت |
||
| 999 |
_c17833 _d17805 |
||